zpět

Detail výsledku týmu

Bar U Souseda, Plzeň

Datum a čas kvízu

25.5 Celkem bodů Celkový počet nahraných bodů na tomto kvízu bez doplňovacích otázek.
9. Pořadí na kvízu Konečné umístění týmu na tomto kvízu.

Zaznamenané odpovědi

# Otázka Odpověď Body Výsledky
1. Abychom vás dostali hned na za... Blondie - One Way or Another 0.5
2. Jak se jmenoval tento metalový... Ronnie James Dio 0
3. Ve skladbě Rap God z roku 2013... C 1
4. Která firma použila před lety... (Rudolf) Jelínek 0
5. Který DJ a která zpěvačka spol... David Guetta, Sia 1
6. Pustíme si pět předělávek slav... Shakira - Hips Don't Lie 1
7. Která kapela nahrála původně t... Metallica, banjo 0
8. Jistý americký moderátor noční... The Who, Jimmy Fallon 0.5
9. Jak se jmenuje české uskupení,... Kašpárek v rohlíku, The Clash 0
10. V tomto případě se nebude jedn... Kylie Minogue, The Black Eyed Peas 1